| 000 | 00750nam a22002537a 4500 | ||
|---|---|---|---|
| 008 | 130629b xxu||||| |||| 00| 0 eng d | ||
| 020 | _a81-7808-111-3 | ||
| 040 |
_aMbstu Library _dMbstu Library |
||
| 082 |
_222 _a005.1 KNA |
||
| 100 | _a Knuth, Donald E | ||
| 110 | _a | ||
| 245 | _aThe Art of Computer Programming Vol.-1 | ||
| 250 | _a3rd edition | ||
| 260 |
_aIndia _bPearson Education _c2003 |
||
| 300 |
_a18 cm _b780 page _f35 _g18 cm |
||
| 600 | _aProgramming | ||
| 650 | _2Programming | ||
| 700 | _a Knuth, Donald E | ||
| 710 | _a | ||
| 270 |
_aIndia _bIndia _dIndia |
||
| 365 |
_b451.00 _d451.00 |
||
| 942 |
_2ddc _cBK |
||
| 999 |
_c541 _d541 |
||